00585 2200217 4500001002100000005001700021008004100038035002400079082001300103090002000116100002300136245006000159250001100219260004000230300001900270650002700289850001500316980001500331985000600346999001500352YOGYA-0209000002257720090227023646.0 ind  0010-020900000022577 a177.6365 a177.6365bSuw R aSUWARNO, Moh. Hari aRamalan Jayabaya, versi sabda paloncMoh. Hari Soewarno aCet. 1 aJakartabYudha Gama Corporationc19 a136 hlmc21 cm aRamalan jangka panjang aYOPDYOG(b) a01-21-2007 a1 a06A0021261